| Tag |
First Indicator |
Second Indicator |
Subfields |
| LEADER |
00000pam a2200000 i 4500 |
| 001 |
in00000477608 |
| 005 |
20151012165234.0 |
| 008 |
760908s1976 coua b 00010 eng |
| 010 |
|
|
|a 76043302
|
| 020 |
|
|
|a 089158207X
|
| 035 |
|
|
|a (OCoLC)02703550
|
| 035 |
|
|
|9 ABZ8442AM
|
| 040 |
|
|
|a DLC
|c DLC
|d TXA
|d UtOrBLW
|
| 043 |
|
|
|a n-us---
|
| 049 |
|
|
|a TXAM
|c [1360602]
|
| 050 |
0 |
0 |
|a JX1706.Z5
|b L55
|
| 082 |
0 |
|
|a 353.008/92
|
| 100 |
1 |
|
|a Linehan, Patrick.
|
| 245 |
1 |
4 |
|a The Foreign Service personnel system :
|b an organizational analysis /
|c Patrick E. Linehan.
|
| 264 |
|
1 |
|a Boulder, Colo. :
|b Westview Press,
|c 1976.
|
| 300 |
|
|
|a xxi, 401 pages :
|b illustrations ;
|c 24 cm.
|
| 336 |
|
|
|a text
|b txt
|2 rdacontent
|
| 337 |
|
|
|a unmediated
|b n
|2 rdamedia
|
| 338 |
|
|
|a volume
|b nc
|2 rdacarrier
|
| 490 |
0 |
|
|a A Westview replica edition
|
| 504 |
|
|
|a Bibliography: pages 378-401.
|
| 610 |
1 |
0 |
|a United States.
|b Foreign Service.
|
| 999 |
|
|
|a MARS
|
| 999 |
f |
f |
|s 979c11bc-73f7-3602-9178-c75ad160f7eb
|i 77da7378-d2dc-3fd5-9c98-9f2d49eee867
|t 0
|
| 952 |
f |
f |
|p ric
|a Texas A&M University
|b Rellis Campus
|c Joint Library Facility
|d Remote Storage
|t 0
|e JX1706.Z5 L55
|h Library of Congress classification
|i unmediated -- volume
|m A14803137227
|
| 998 |
f |
f |
|a JX1706.Z5 L55
|t 0
|l Remote Storage
|